David Fincher Actors - Sudden Death - Statistics

General Stats
  • This quiz has been taken 64 times
  • The average score is 8 of 18
Answers on the Grid
Answers color-coded by a green-red scale on the quiz's grid according to % correct below.
Edward Norton
Mark Ruffalo
Lou Ferrigno
Helena Bonham Carter
Jake Gyllenhaal
Daniel Craig
Hilary Swank
Method Man
Tim Roth
Brian Cox
Brad Pitt
Bill Nye the Science Guy
Willem Dafoe
Ben Affleck
Rooney Mara
Sean Penn
Tracy Morgan
Jude Law
Tyler Perry
Mahershala Ali
Kevin Spacey
Zendaya
Justin Long
Christopher Plummer
Sean Connery
Dave Chappelle
Gary Oldman
Jodie Foster
Zachary Levi
Meat Loaf
 
Answer Stats
Answer % Correct
Edward Norton
97%
Brad Pitt
78%
Mark Ruffalo
78%
Jake Gyllenhaal
72%
Helena Bonham Carter
66%
Kevin Spacey
56%
Ben Affleck
53%
Daniel Craig
47%
Meat Loaf
41%
Jodie Foster
34%
Rooney Mara
34%
Sean Penn
28%
Tyler Perry
25%
Bill Nye the Science Guy
22%
Christopher Plummer
22%
Gary Oldman
22%
Brian Cox
16%
Mahershala Ali
16%
No matching quizzes found
Score Distribution
Percent of People with Each Score
Percentile by Number Answered
Your Score History
You have not taken this quiz